01061nam a2200229 i 450000100060000000300090000600500170001500700030003200800410003508000160007608000120009210000300010424500730013426000390020730000640024649001850031065100350049565100400053070000330057083001700060385200580077347862ES-MaACL20250716052849.0t|030618s1865 sp ||||1| spa d a94(460.233) a94(460)1 aBlanch é Illa, Narciso.10aCrónica de la provincia de Gerona / cpor Narciso Blanch é Illa. aMadrid : bAquiles Ronchi, c1865. a175 p., [10] h. de lám., [1] h. de mapas : il. ; c32 cm.1 aCrónica general de España, ó sea historia ilustrada y descriptiva de sus provincias, sus poblaciones más importantes y posesiones de ultramar / dirigida por Cayetano Rosell 4aGerona (Provincia)-xHistoria. 4aGerona (Provincia)-xDescripción.1 aRosell, Cayetano,d1817-18830 aCrónica general de España, o sea Historia ilustrada y descriptiva de sus provincias, sus poblaciones más importantes de la península y posesiones de Ultramar aES-MaACLjC-1580(1) z.- Encuadernado con otras obras